Southville International School and Colleges
Your cart is empty.
  • Cart
  • Lists
    Public lists Eva Luna New books Lux_list list_1
    Your lists Log in to create your own lists
  • Log in to your account
  • Your cookies
  • Search history
Southville International School and Colleges
  • Advanced search
  • Recent comments
  • Most popular
  • Libraries

Log in to your account

Log in with GOOGLE


If you do not have an external account, but do have a local account, you can still log in:

  1. Home
  2. MARC view: Thirteen reasons why :
Normal view MARC view ISBD view

Thirteen reasons why : (Record no. 275469)

[ view plain ]
MARC details
000 -LEADER
fixed length control field 00577nam a2200205Ia 4500
003 - CONTROL NUMBER IDENTIFIER
control field PILC
005 - DATE AND TIME OF LATEST TRANSACTION
control field 20160317100306.0
008 - FIXED-LENGTH DATA ELEMENTS--GENERAL INFORMATION
fixed length control field 140910s9999 xx 000 0 und d
020 ## - INTERNATIONAL STANDARD BOOK NUMBER
International Standard Book Number 9781595141880
050 ## - LIBRARY OF CONGRESS CALL NUMBER
Classification number PZ 7
Item number .As8155Th 2007
100 ## - MAIN ENTRY--PERSONAL NAME
Personal name Asher, Jay.
245 ## - TITLE STATEMENT
Title Thirteen reasons why :
Remainder of title a novel /
Statement of responsibility, etc Jay Asher.
260 ## - PUBLICATION, DISTRIBUTION, ETC. (IMPRINT)
Place of publication, distribution, etc New York :
Name of publisher, distributor, etc Razorbill,
Date of publication, distribution, etc c2007.
300 ## - PHYSICAL DESCRIPTION
Extent 288 pages :
Dimensions 22 cm.
650 ## - SUBJECT ADDED ENTRY--TOPICAL TERM
Topical term or geographic name as entry element High schools
General subdivision Fiction.
650 ## - SUBJECT ADDED ENTRY--TOPICAL TERM
Topical term or geographic name as entry element Interpersonal relations
General subdivision Fiction.
650 ## - SUBJECT ADDED ENTRY--TOPICAL TERM
Topical term or geographic name as entry element Schools
General subdivision Fiction.
650 ## - SUBJECT ADDED ENTRY--TOPICAL TERM
Topical term or geographic name as entry element Suicide
General subdivision Fiction.
942 ## - ADDED ENTRY ELEMENTS (KOHA)
Koha item type Books
Source of classification or shelving scheme Library of Congress Classification
Holdings
Withdrawn status Lost status Damaged status Home library Current library Shelving location Date acquired Source of acquisition Total Checkouts Total Renewals Full call number Barcode Date last seen Date checked out Price effective from Koha item type Source of classification or shelving scheme Sub Shelving location
      Luxembourg Library Luxembourg Library Fiction Section 09/10/2014 Library Fund 12 17 PZ 7.As8155Th 2007 19830 02/14/2020 02/13/2020 09/10/2014 Books    
      Luxembourg Library Luxembourg Library Fiction Section 06/10/2015 Library Fund 11 32 PZ 7 .As8155Th 2007 20025 02/14/2020 02/13/2020 06/10/2015 Books Library of Congress Classification  

Thirteen reasons why :

APA

Asher J., . (2007). Thirteen reasons why. New York: Razorbill.

Chicago

Asher Jay, . 2007. Thirteen reasons why. New York: Razorbill.

Harvard

Asher J., . (2007). Thirteen reasons why. New York: Razorbill.

MLA

Asher Jay, . Thirteen reasons why. New York: Razorbill. 2007.

  • Place hold
  • Print
  • Cite
  • Add to your cart (remove)
  • Save record
    BIBTEX Dublin Core MARCXML MARC (non-Unicode/MARC-8) MARC (Unicode/UTF-8) MARC (Unicode/UTF-8, Standard) MODS (XML) RIS
  • More searches
    Search for this title in:
    Other Libraries (WorldCat) Other Databases (Google Scholar) Online Stores (Bookfinder.com) Open Library (openlibrary.org)

Exporting to Dublin Core...

SOUTHVILLE LIBRARY

Southville International School and Colleges Library

1281 Tropical Ave. Cor. Luxembourg St., BF Homes International, Las Pinas City

Tel. No. 8256374 / 252358 Loc. 117/146

Powered by Koha